Armenien-Quiz - Sudden Death - Statistiken

Allgemein
  • Dieses Quiz wurde 78 mal gespielt
  • Das Durchschnittsergebnis liegt bei 4 aus 10
Answers on the Grid
Answers color-coded by a green-red scale on the quiz's grid according to % correct below.
Dies ist die armenische Flagge: 🇦🇲
Armenien ist kein Mitglied der Europäischen Union
Die Hauptstadt von Armenien ist Jerewan
Armenien hat bereits den ESC gewonnen
Armenien grenzt an ein Land mit dieser Flagge: 🇷🇺
Armenien ist Mitglied der NATO
Armenien ist ein Binnenstaat
In Armenien leben mehr Frauen als Männer
In Armenien zahlt man mit dem Dram
Armenisch wird mit kyrillischer Schrift geschrieben
Das armenische KFZ-Kennzeichen lautet "ARM"
Das aktuelle Staatsoberhaupt Armeniens ist eine Frau
In Armenien leben mehr Menschen als in Albanien
Flächenmäßig ist Armenien größer als Israel
Das BIP pro Kopf in Armenien ist höher als in Aserbaidschan
Armenien gehörte nie zur Sowjetunion
Armenien war das erste Land, das das Christentum offiziell als Staatsreligion annahm
Armenien hat keine einzige Stadt mit mindestens 1 Million Einwohnern
Die längste Grenze teilt sich Armenien mit der Türkei
Armenien nahm an der EM 2024 teil
 
Antwortstatistiken
Antwort % Korrekt
Armenien ist kein Mitglied der Europäischen Union
63%
Die Hauptstadt von Armenien ist Jerewan
54%
Armenien ist ein Binnenstaat
50%
Dies ist die armenische Flagge: 🇦🇲
46%
Armenien war das erste Land, das das Christentum offiziell als Staatsreligion annahm
42%
Flächenmäßig ist Armenien größer als Israel
38%
In Armenien zahlt man mit dem Dram
38%
In Armenien leben mehr Frauen als Männer
33%
In Armenien leben mehr Menschen als in Albanien
25%
Das BIP pro Kopf in Armenien ist höher als in Aserbaidschan
17%
Keine übereinstimmenden Quizze gefunden
Verteilung der Resultate
Anzahl Personen mit jedem Resultat
Perzentil nach korrekt beantworteten Fragen
Ihre Resultats-Entwicklung
Sie haben dieses Quiz noch nicht gespielt